000 nam a22 a 4500
999 _c4438
_d4438
003 AKMAL
005 20170530095431.0
008 170530s1997 my 00 eng d
020 _a9678908638 (pbk.):
_cRM 22.50
040 _cAKMAL
082 0 4 _a344.59504232 FOO
090 0 0 _a344.59504232
_bFOO
110 1 _aMalaysia
_9400
240 1 0 _aAkta Makanan, 1983.
_lEnglish
245 1 0 _aFood Act 1983 (Act 281) & regulations :
_bas at 30th June 1997 /
_ccompiled by Legal Research Board
260 _aKuala Lumpur :
_bInternational Law Book Services,
_c1997
300 0 0 _aii, 273p. ;
_c24cm
440 0 _aLaws of Malaysia
_91830
650 0 _aFood law and legislation
_zMalaysia
_98609
942 _2ddc
_cBOOK